00489nam a22001697a 450000500170000001000150001702000260003203500140005803700130007208200120008510000220009724500730011926000400019227000440023230000240027650000190030020161205172945.0 aENG-116746 a9788184846263c680.00 aEN-100278 bDBAD/PUB a333.911 aSahoo,Rajan Kumar aWater resource management and development / cby Ranjan Kumar Sahoo aNew DelhibRegal Publicationsc2017 aF-159 Rajouri GardenbNew Delhie110027 axvi,140p.c23cm(Hb) aIncludes index